000 00522nam a2200145Ia 4500
008 140724s9999 xx 000 0 und d
050 _aRT 82
_b.Ag283 2007
100 _aAguinaldo, Ma Larizsa.
245 _aCaring behaviors of staff nurses in selected Tertiary Hospitals based on Lydia Hall's Theory /
_cMa. Larizsa Aguinaldo.
260 _aLas PiƱas, Philippines :
_bSouthville International School and Colleges,
_cc2007.
300 _a110 p. :
_bill. ;
_c28 cm.
521 _aNursing
942 _cTH
999 _c228921
_d228921